La industria ósea en la Hispania romana

محفوظ في:

المؤلف الرئيسي: F. Germán Rodríguez-Martín

التنسيق: كتاب

اللغة: Undetermined

الوصول للمادة أونلاين: Login to view Source

الوسوم: إضافة وسم

لا توجد وسوم, كن أول من يضع وسما على هذه التسجيلة!

رقم الطلب:

LEADER 00469nmm a2200133Ia 4500
008 240716s9999||||xx |||||||||||||||||und||
020 |a 9781803276656 
020 |a 9781803276663 
100 |a F. Germán Rodríguez-Martín 
245 1 0 |a La industria ósea en la Hispania romana  |c F. Germán Rodríguez-Martín 
264 |b Archaeopress Archaeology  |c 27-يونيو-24 
856 4 0 |u http://library.arce.org:8087/Archaeopress/Products/9781803276656 
942 |2 lcc  |c EBOOK 
999 |c 58917  |d 58917